Communicating with legal databases : terms and abbreviations for the legal researcher /

Bibliographic Details
Main Author: McDonald, Anne L.
Other Authors: Thompson, Lynda, Ziebarth, Mary E.
Format: Book
Language:English
Published: New York : Neal-Schuman, [1987]
Subjects:

MARC

Tag First Indicator Second Indicator Subfields
LEADER 00000pam a2200000 a 4500
001 in00000593421
005 20151014082554.0
008 850909s1987 nyu bd 00010 eng
010 |a  85021596  
020 |a 0918212952 :  |c $75.00 
035 |a (OCoLC)12581988 
035 |9 ACQ1872AM 
040 |a DLC  |c DLC  |d TXA  |d UtOrBLW 
043 |a n-us--- 
049 |a TXAM  |c [A10879987] 
050 0 0 |a KF242.A1  |b M33 1987 
082 0 |a 025/.0634/014  |2 19 
100 1 |a McDonald, Anne L. 
245 1 0 |a Communicating with legal databases :  |b terms and abbreviations for the legal researcher /  |c Anne L. McDonald, Lynda Thompson, Mary E. Ziebarth. 
264 1 |a New York :  |b Neal-Schuman,  |c [1987] 
264 4 |c ©1987 
300 |a xii, 206 pages ;  |c 24 cm. 
336 |a text  |b txt  |2 rdacontent 
337 |a unmediated  |b n  |2 rdamedia 
338 |a volume  |b nc  |2 rdacarrier 
504 |a Bibliography: pages 200-206. 
650 0 |a Legal research  |z United States  |x Data processing  |x Terminology. 
650 0 |a Information storage and retrieval systems  |x Law  |z United States  |x Terminology. 
650 0 |a Legal research  |x Data processing  |x Terminology. 
650 0 |a Information storage and retrieval systems  |x Law  |x Terminology. 
700 1 |a Thompson, Lynda. 
700 1 |a Ziebarth, Mary E. 
999 |a MARS 
999 f f |s 78e160c9-bcbe-3625-8cb4-7b8603ff9a1e  |i 47f2e2de-0d3e-3172-9c50-7577033394b0  |t 0 
952 f f |p ric  |a Texas A&M University  |b Rellis Campus  |c Joint Library Facility  |d Remote Storage  |t 0  |e KF242.A1 M33 1987  |h Library of Congress classification  |i unmediated -- volume  |m A14810879987 
998 f f |a KF242.A1 M33 1987  |t 0  |l Remote Storage